000 01006cam a2200277 a 4500
001 000014030
003 UkOxU
005 20200929163438.0
008 811021s1929 fr 000 0 fre d
040 _aDO-SdBNP
_cNOC
_dOCL
_dEQO
_dBNPHU
082 _aNNNN
_bF825l
100 1 _aFrançois, Georges Alphonse Florent Octave,
_d1874-
_931762
245 1 0 _aLégislation coloniale /
_cG. François & H. Mariol.
260 _aParis :
_bLarose,
_c1929.
300 _a392, [1] p. :
_bcartes ;
_c25 cm.
490 1 _aLes Manuels coloniaux
504 _aComprend des notes et des références au pied de la page
501 _aWith: Législation coloniale. Suppléments A et B / G. François & H. Mariol. Paris : Larose, 1929.
651 0 _aFrance
_xColonies
_xHistory.
_931763
651 0 _aFrance
_xColonies
_xAdministration.
_931764
650 0 _aLaw
_zFrance
_xColonies.
_931765
700 1 _aMariol, Henri,
_931766
830 4 _aLes Manuels coloniaux
_931767
910 _aCatalogación derivada
049 _aBNGR
999 _c13633
_d13633